000 00414nam a22001577a 4500
005 20260306043843.0
008 240806b |||||||| |||| 00| 0 eng d
020 _a9781509505418
082 _a610.73 DEN
100 _aDenny, Elaine. (Ed.)
245 _aSociology for nurses.
250 _a3rd ed.
260 _aLondon :
_bPolity Press,
_c2016.
300 _axv, 360 p. :
_c26 Cm.
_bill. ;
942 _2ddc
_cMAIN
999 _c10485
_d10486